Indian economics : (Record no. 1181)
[ view plain ]
| 000 -LEADER | |
|---|---|
| fixed length control field | 00504cam a2200193ua 4500 |
| 008 - FIXED-LENGTH DATA ELEMENTS--GENERAL INFORMATION | |
| fixed length control field | 110629n ii |||gr||||Z||||||eng |
| 020 ## - INTERNATIONAL STANDARD BOOK NUMBER | |
| International Standard Book Number | 978-81-272-4695-2 |
| 040 ## - CATALOGING SOURCE | |
| Transcribing agency | MAIN |
| 082 ## - DEWEY DECIMAL CLASSIFICATION NUMBER | |
| Classification number | 330.954 |
| 100 ## - MAIN ENTRY--PERSONAL NAME | |
| Personal name | Dhar, P K., |
| 245 1# - TITLE STATEMENT | |
| Title | Indian economics : |
| Remainder of title | its growing dimensions. / |
| Statement of responsibility, etc. | By P K Dhar. |
| 250 ## - EDITION STATEMENT | |
| Edition statement | 16th. |
| 260 ## - PUBLICATION, DISTRIBUTION, ETC. | |
| Place of publication, distribution, etc. | New Delhi.: |
| Name of publisher, distributor, etc. | Kalyani publishers., |
| Date of publication, distribution, etc. | 2008. |
| 300 ## - PHYSICAL DESCRIPTION | |
| Extent | xxiv, 1030 p.: |
| Dimensions | 25 cm. |
| 942 ## - ADDED ENTRY ELEMENTS (KOHA) | |
| Koha item type | Books |
| 653 ## - INDEX TERM--UNCONTROLLED | |
| Uncontrolled term | Economics. |
| 653 ## - INDEX TERM--UNCONTROLLED | |
| Uncontrolled term | Indian economics. |
| Withdrawn status | Lost status | Damaged status | Not for loan | Home library | Current library | Shelving location | Date acquired | Total Checkouts | Full call number | Barcode | Date last seen | Date last checked out | Copy number | Price effective from | Koha item type |
|---|---|---|---|---|---|---|---|---|---|---|---|---|---|---|---|
| Central Library, Naharkatiya College | Central Library, Naharkatiya College | General Stacks | 19/09/2020 | 8 | 330.954 | DHA | 17740 | 11/08/2023 | 10/04/2023 | 1 | 19/09/2020 | Books |
